Normal view
MARC view
- Fawwaz T. Ulaby
Entry Personal Name
001 - CONTROL NUMBER
- control field: 124677
003 - CONTROL NUMBER IDENTIFIER
- control field: NUST
005 - DATE AND TIME OF LATEST TRANSACTION
- control field: 20240721152317.0
008 - FIXED-LENGTH DATA ELEMENTS
- fixed length control field: 240721|| aca||aabn | a|a d
040 ## - CATALOGING SOURCE
- Original cataloging agency: NUST
- Transcribing agency: NUST
100 ## - HEADING--PERSONAL NAME
- Personal name: Fawwaz T. Ulaby
670 ## - SOURCE DATA FOUND
- Source citation: Work cat.: (NUST): Fawwaz T. Ulaby, Electromgnetics for Engineers, 2005.
